|
|
|
|
| LEADER |
00000nam a2200000 a 4500 |
| 001 |
vtls001077197 |
| 003 |
SK-MaSNL |
| 005 |
20260302030736.0 |
| 008 |
250414s1994 xo slo |
| 015 |
|
|
|a SNBA1994/12
|
| 020 |
|
|
|a 8085410826
|
| 035 |
|
|
|a SNK000020031
|
| 035 |
|
|
|a urn:nbn:sk:snk-amlhbz
|
| 035 |
|
|
|a urn:nbn:sk:snk-am00bm2s
|
| 035 |
|
|
|a EFED1468-A4BB-4EA1-94DA-C1638295AB8B
|
| 040 |
|
|
|a SNK
|b slo
|c SNK
|e AACR2
|
| 041 |
0 |
|
|a slo
|
| 044 |
|
|
|a xo
|c SK
|
| 080 |
|
|
|a 911::33(4)
|2 1981
|
| 080 |
|
|
|a 911.3
|2 2001
|
| 080 |
|
|
|a (4)
|2 2001
|
| 100 |
1 |
|
|a Mazúrek, Jaroslav,
|d 1930-
|4 aut
|9 100369
|
| 245 |
1 |
0 |
|a Socioekonomická geografia Európy. 1. časť
|c Jaroslav Mazúrek, Alfonz Gajdoš, Jaroslava Michalová
|
| 250 |
|
|
|a 2. vyd.
|
| 260 |
|
|
|a Prešov
|b Metodické centrum
|c 1994
|
| 300 |
|
|
|a 77 s.
|c 29 cm
|
| 366 |
|
|
|e 140 výt.
|
| 500 |
|
|
|a Nepredajné
|
| 650 |
0 |
7 |
|a socioekonomická geografia
|2 SNKPH
|9 75150
|
| 651 |
|
7 |
|a Európa
|2 SNKPH
|9 167569
|
| 655 |
|
7 |
|a metodické príručky
|2 SNKPH
|9 70250
|
| 700 |
1 |
|
|a Gajdoš, Alfonz,
|d 1955-
|4 aut
|9 254053
|
| 700 |
1 |
|
|a Michalová, Jaroslava
|4 aut
|9 6768
|
| 852 |
|
|
|a Slovenská národná knižnica
|
| 919 |
|
|
|a 80-85410-82-6
|
| 954 |
|
|
|a Európa
|
| 954 |
|
|
|a geografia humánna
|
| 999 |
|
|
|c 1048911
|d 1050841
|
| 952 |
|
|
|t P60, <04>, [BOOK], {604}
|a SNK
|b SNK
|y VYP
|7 0
|p 17A0032064
|o snkSB 53011/1 D1
|0 0
|1 0
|4 0
|d 1997-01-21
|l 0
|r 2004-12-31 00:00:00
|w 2026-02-24
|
| 952 |
|
|
|a SNK
|b SNK
|y PREZ
|7 0
|p 17A0905750
|o snkSB 53011/1
|0 0
|1 0
|4 0
|d 2012-07-17
|f 1
|l 0
|r 2025-03-18 00:00:00
|w 2026-02-24
|